000 00328 a2200157 4500
001 171383
020 _a
040 _cMagnum
100 _aColasanti, Marina
240 1 0 _aEntre a espada e a rosa
_lpor
245 1 0 _aEntre a espada e a rosa
362 0 _a1899
440 1 _aSalamandra
697 _aJ/FICCAO
942 _cBK
999 _c171383
_d171383